| 000 | 04089cam a22005535i 4500 | ||
|---|---|---|---|
| 999 |
_c41128 _d41128 |
||
| 001 | 21734782 | ||
| 003 | OSt | ||
| 005 | 20210810101008.0 | ||
| 006 | m |o d | | ||
| 007 | cr ||||||||||| | ||
| 008 | 151217s2016 gw |||| o |||| 0|eng | ||
| 010 | _a 2019752487 | ||
| 020 | _a9783319223094 | ||
| 024 | 7 |
_a10.1007/978-3-319-22309-4 _2doi |
|
| 035 | _a(DE-He213)978-3-319-22309-4 | ||
| 040 |
_aDLC _beng _epn _erda _cDLC |
||
| 072 | 7 |
_aPHFP _2bicssc |
|
| 072 | 7 |
_aPHFP _2thema |
|
| 072 | 7 |
_aSCI051000 _2bisacsh |
|
| 082 | 0 | 4 |
_a530.44 _223 _bCHE/I |
| 100 | 1 |
_aChen, Francis F., _eauthor. _94492 _d1929- |
|
| 245 | 1 | 0 |
_aIntroduction to Plasma Physics and Controlled Fusion / _cby Francis Chen. |
| 250 | _a3rd ed. 2016. | ||
| 264 | 1 |
_aCham : _bSpringer International Publishing : _bImprint: Springer, _c2016. |
|
| 300 | _a1 online resource (XII, 490 pages 312 illustrations, 78 illustrations in color.) | ||
| 336 |
_atext _btxt _2rdacontent |
||
| 337 |
_acomputer _bc _2rdamedia |
||
| 338 |
_aonline resource _bcr _2rdacarrier |
||
| 347 |
_atext file _bPDF _2rda |
||
| 505 | 0 | _aIntroduction -- Single-particle motions -- Plasmas as fluids -- Waves in plasmas -- Diffusion and resistivity -- Equilibrium and stability -- Kinetic theory -- Nonlinear effects -- Special plasmas -- Plasma applications. | |
| 520 | _aThe third edition of this classic text presents a complete introduction to plasma physics and controlled fusion, written by one of the pioneering scientists in this expanding field. It offers both a simple and intuitive discussion of the basic concepts of the subject matter and an insight into the challenging problems of current research. This outstanding text offers students a painless introduction to this important field; for teachers, a large collection of problems; and for researchers, a concise review of the fundamentals as well as original treatments of a number of topics never before explained so clearly. In a wholly lucid manner the second edition covered charged-particle motions, plasmas as fluids, kinetic theory, and nonlinear effects. For the third edition, two new chapters have been added to incorporate discussion of more recent advances in the field. The new chapter 9 on Special Plasmas covers non-neutral plasmas, pure electron plasmas, solid and ultra-cold plasmas, pair-ion plasmas, dusty plasmas, helicon plasmas, atmospheric-pressure plasmas, sheath-bounded plasmas, reconnection and turbulence. Following this, chapter 10 describes Plasma Applications such as magnetic fusion (pinches, mirrors, FRCs, stellarators, tokamaks, spheromaks), plasma accelerators and FELs, ine rtial fusion, semiconductor etching, and spacecraft propulsion. This new revised edition remains an essential text for those new to the field and an invaluable reference source for established researchers. | ||
| 588 | _aDescription based on publisher-supplied MARC data. | ||
| 650 | 0 | _aElectrodynamics. | |
| 650 | 0 | _aNuclear energy. | |
| 650 | 0 | _aOptics. | |
| 650 | 0 | _aPlasma (Ionized gases). | |
| 650 | 0 | _aSpace sciences. | |
| 650 | 1 | 4 |
_aPlasma Physics. _0https://scigraph.springernature.com/ontologies/product-market-codes/P24040 |
| 650 | 2 | 4 |
_aClassical Electrodynamics. _0https://scigraph.springernature.com/ontologies/product-market-codes/P21070 |
| 650 | 2 | 4 |
_aNuclear Energy. _0https://scigraph.springernature.com/ontologies/product-market-codes/113000 |
| 650 | 2 | 4 |
_aNuclear Energy. _0https://scigraph.springernature.com/ontologies/product-market-codes/113000 |
| 650 | 2 | 4 |
_aSpace Sciences (including Extraterrestrial Physics, Space Exploration and Astronautics). _0https://scigraph.springernature.com/ontologies/product-market-codes/P22030 |
| 776 | 0 | 8 |
_iPrint version: _tIntroduction to plasma physics and controlled fusion. _z9783319223087 _w(DLC) 2015959696 |
| 776 | 0 | 8 |
_iPrinted edition: _z9783319223087 |
| 776 | 0 | 8 |
_iPrinted edition: _z9783319223100 |
| 776 | 0 | 8 |
_iPrinted edition: _z9783319793917 |
| 906 |
_a0 _bibc _corigres _du _encip _f20 _gy-gencatlg |
||
| 942 |
_2ddc _cBK _h530.44 _iCHE/I _k530.44 _mCHE/I |
||